000 00576nam a2200205 a 4500
003 BD-DhJNU
005 20250630044040.0
008 250501s1956 ii a b 001 0 eng
040 _aBD-DhJNU
_bENG
_cBD-DhJNU
_dBD-DhJNU
082 0 0 _a320.973 CAS
_223
100 1 _aCasner, Mabel B.
245 1 4 _aThe story of American democracy /
_cMabel B. Casner and Ralph H. Gabriel
250 _a3rd ed.
260 _aUSA :
_bCSDE,
_c1956.
300 _axiv, 720 p. :
_bill. ;
_c25 cm.
504 _aIncludes index.
650 0 _aDemocracy
700 1 _aGabriel, Ralph H.
942 _cBK
999 _c1846
_d1846